|
|
|
|
| LEADER |
00000nam0a2200000 4500 |
| 001 |
22930 |
| 005 |
20231030194951.0 |
| 010 |
|
|
|a 5856380614
|
| 035 |
|
|
|a (RuTPU)RU\TPU\book\23144
|
| 035 |
|
|
|a BOOK00023216
|
| 090 |
|
|
|a 22930
|
| 100 |
|
|
|a 20011209d2001 k y0rusy50 ca
|
| 101 |
0 |
|
|a rus
|a eng
|
| 102 |
|
|
|a RU
|
| 105 |
|
|
|a y z 100zy
|
| 200 |
1 |
|
|a Производители и пользователи печатной и электронной информации на пути к информационному обществу
|
| 210 |
|
|
|a Москва
|c Изд-во ГПНТБ
|d 2001
|
| 215 |
|
|
|a 545 с.
|e Прил.: Программа конференции. Список участников
|
| 300 |
|
|
|a Прил.: Программа конф. Список уч-ков
|
| 461 |
|
|
|t Библиотеки и ассоциации в меняющемся мире: новые технологии и новые формы сотрудничества
|o Труды 8-й Междун. конф. "Крым 2001", Судак, 9-17 июня
|v Т. 1
|
| 510 |
1 |
|
|a Libraries and Associations in the Transient World: New Technologies and New Forms of Cooperation
|
| 610 |
1 |
|
|a библиотеки
|
| 610 |
1 |
|
|a библиотечное дело
|
| 610 |
1 |
|
|a издательства
|
| 610 |
1 |
|
|a книгораспространение
|
| 610 |
1 |
|
|a образование
|
| 610 |
1 |
|
|a информационное пространство
|
| 610 |
1 |
|
|a конференции
|
| 610 |
1 |
|
|a Судак
|
| 610 |
1 |
|
|a Крым
|
| 686 |
|
|
|a Ч73ло
|v LBC/SL-A
|2 rubbk
|
| 712 |
1 |
2 |
|a Крым 2001
|b Международная конференция
|d 8
|e Судак
|f 2001
|g В рамках мероприятий ИФЛА 2001 г.
|
| 801 |
|
0 |
|a RU
|b 63413507
|c 20011209
|g PSBO
|
| 801 |
|
2 |
|a RU
|b 63413507
|c 20091207
|g PSBO
|
| 942 |
|
|
|c BK
|